header

Master techniques in orthopaedic surgery : (Record no. 107402)

MARC details
000 -LEADER
fixed length control field 02122nam a2200457 i 4500
001 - CONTROL NUMBER
control field ebr10865279
003 - CONTROL NUMBER IDENTIFIER
control field CaPaEBR
006 - FIXED-LENGTH DATA ELEMENTS--ADDITIONAL MATERIAL CHARACTERISTICS--GENERAL INFORMATION
fixed length control field m o d
007 - PHYSICAL DESCRIPTION FIXED FIELD--GENERAL INFORMATION
fixed length control field cr cn|||||||||
008 - FIXED-LENGTH DATA ELEMENTS--GENERAL INFORMATION
fixed length control field 140509t20022002paua o 001 0 eng d
020 ## - INTERNATIONAL STANDARD BOOK NUMBER
Cancelled/invalid ISBN 9780781719919
International Standard Book Number 9781469877990 (e-book)
040 ## - CATALOGING SOURCE
Original cataloging agency CaPaEBR
Language of cataloging eng
Description conventions rda
-- pn
Transcribing agency CaPaEBR
035 ## - SYSTEM CONTROL NUMBER
System control number (OCoLC)880453775
050 14 - LIBRARY OF CONGRESS CALL NUMBER
Classification number RD558
Item number .M378 2002eb
082 04 - DEWEY DECIMAL CLASSIFICATION NUMBER
Classification number 617.5/74
Edition number 23
245 00 - TITLE STATEMENT
Title Master techniques in orthopaedic surgery :
Remainder of title the elbow /
Statement of responsibility, etc Bernard F. Morrey, editor ; Jim Postier, Matthew Morrey, illustrators ; James Merritt, acquisition editor ; Pam Sutton, developmental editor ; Karen Quigley, cover designer ; contributors Ralph W. Coonrad [and five others].
250 ## - EDITION STATEMENT
Edition statement First edition.
264 #1 - PRODUCTION, PUBLICATION, DISTRIBUTION, MANUFACTURE, AND COPYRIGHT NOTICE
Place of production, publication, distribution, manufacture Philadelphia, Pennsylvania :
Name of producer, publisher, distributor, manufacturer Lippincott Williams & Wilkins,
Date of production, publication, distribution, manufacture, or copyright notice 2002.
Date of production, publication, distribution, manufacture, or copyright notice �2002
300 ## - PHYSICAL DESCRIPTION
Extent 1 online resource (444 pages) :
Other physical details illustrations (some color)
336 ## - CONTENT TYPE
Content type term text
Source rdacontent
337 ## - MEDIA TYPE
Media type term computer
Source rdamedia
338 ## - CARRIER TYPE
Carrier type term online resource
Source rdacarrier
500 ## - GENERAL NOTE
General note Includes index.
588 ## - SOURCE OF DESCRIPTION NOTE
Source of description note Description based on online resource; title from PDF title page (ebrary, viewed May 8, 2014).
590 ## - LOCAL NOTE (RLIN)
Local note Electronic reproduction. Palo Alto, Calif. : ebrary, 2014. Available via World Wide Web. Access may be limited to ebrary affiliated libraries.
650 #0 - SUBJECT ADDED ENTRY--TOPICAL TERM
Topical term or geographic name as entry element Elbow
General subdivision Surgery.
Topical term or geographic name as entry element Orthopedics.
655 #0 - INDEX TERM--GENRE/FORM
Genre/form data or focus term Electronic books.
700 1# - ADDED ENTRY--PERSONAL NAME
Personal name Morrey, Bernard F.,
Relator term editor.
Personal name Postier, Jim,
Relator term illustrator.
Personal name Morrey, Matthew,
Relator term illustrator.
Personal name Merritt, James,
Relator term editor.
Personal name Sutton, Pam,
Relator term editor.
Personal name Quigley, Karen,
Relator term cover designer.
Personal name Coonrad, Ralph W.,
Relator term contributor.
776 08 - ADDITIONAL PHYSICAL FORM ENTRY
Display text Print version:
Title Master techniques in orthopaedic surgery : the elbow.
Edition First edition.
Place, publisher, and date of publication Philadelphia, Pennsylvania : Lippincott Williams & Wilkins, c2002
Physical description xv, 432 pages
International Standard Book Number 9780781719919
797 2# - LOCAL ADDED ENTRY--CORPORATE NAME (RLIN)
Corporate name or jurisdiction name as entry element ebrary.
856 40 - ELECTRONIC LOCATION AND ACCESS
Uniform Resource Identifier <a href="http://site.ebrary.com/lib/rucke/Doc?id=10865279">http://site.ebrary.com/lib/rucke/Doc?id=10865279</a>
Public note An electronic book accessible through the World Wide Web; click to view

No items available.

© 2026 Rongo University
Contact us: librarian | system librarian | Rongo university